00997nas a2200241Ia 4500001001100000003000900011008004100020040001300061040001300074041001300087100003800100210001600138222001600154245009500170250001100265260003900276501008600315300001000401310001600411362003200427500026000459650003600719R017/H4488IT-RoPAU151124c99999999xx |||||||||||| ||und|| aIT-RoPAU cIT-RoPAU aITALIANO aAA.VV. gCodice Aut. SPICS: 12000 aFILMCRITICA aFilmcritica aFILMCRITICA SCUOLA, ANNO 7-N.25 (MARZO 2004)bFilmcritica Scuola, Anno 7-N.25 (Marzo 2004) a1a ed. aMONTEPULCIANO (SI)bLE BALZEc2004 bPaulus - SPICS - Società San Paolo EM (non-commercial uses only)cCopyright2015 a16 p. aTRIMESTRALE aANNO 007, N.25 (MARZO 2004) aSupplemento Alla Rivista Filmcritica N. 543. i Giovani Incontrano il Cinema di G. Paganelli. Leggere il Cinema: Metafore della Visione di L. Esposito. Sugli Schermi: Discorso Sulla Superficie: la Trilogia dell'Anello di D. Dottorini. Profili: Lim Burton d aCINEMAvPUBBLICAZIONE PERIODICA